000 01753nam a2200505 i 4500
001 18579
003 KOSZ 005
005 20200818104351.0
008 000717s1979 pl a f f |000 0 pol
015 _aUWD 1979/935
035 _a991014328909705066
035 _a(PL-WaBN)b13847521-48omnis_nlop
035 _ab13847521
035 _a(OCoLC)749328611
035 _a(PL)b0000001384752
035 _a(EXLNZ-48OMNIS_NETWORK)9910496999805606
040 _aWA N
_cWA N
_dKOSZ 005/HR
041 0 _apol
080 _a66
080 _a(075.8)
100 1 _aPikoń, Jerzy
_d(1931-1989)
_eAutor
245 1 0 _aPodstawy konstrukcji aparatury chemicznej.
_nCz. 2,
_pElementy aparatury chemicznej /
_cJerzy Pikoń.
246 3 0 _aElementy aparatury chemicznej
260 _aWarszawa :
_bPaństwowe Wydawnictwo Naukowe,
_c1979.
300 _a710, [2] s., [12] k. tabl. :
_bil. ;
_c24 cm
336 _aTekst
_btxt
_2rdacontent
337 _aBez urządzenia pośredniczącego
_bn
_2rdamedia
338 _aWolumin
_bnc
_2rdacarrier
380 _aKsiążki
380 _aPublikacje dydaktyczne
385 _mPoziom nauczania
_aSzkoły wyższe
388 _a1901-2000
388 _a1945-1989
504 _aBibliogr.
521 8 _aPodręcznik dla studentów wyższych szkół technicznych na wydziałach chemicznych.
650 7 _aNarzędzia
650 7 _aMaszyny
650 7 _aTechnologia chemiczna
_2DBN
655 7 _aPodręczniki akademickie
_2DBN
658 _aInżynieria i technika
710 2 _aPaństwowe Wydawnictwo Naukowe
_4pbl
856 _uhttp://koha.tu.koszalin.pl/cgi-bin/koha/opac-detail.pl?biblionumber=18579
_yKatalog online BPK
942 _2UKD
_cKS
999 _c18579
_d18579